The Beauty Behind Madness Tracklist (The Weeknd) - Statistics

General Stats
  • This quiz has been taken 34 times
  • The average score is 9 of 14
Answer Stats
Hint Answer % Correct
4 Often
95%
3 Tell Your Friends
86%
5 The Hills
86%
14 Angel
76%
2 Losers
76%
8 Shameless
76%
9 Earned It (Fifty Shades Of Grey)
67%
13 Prisoner
67%
1 Real Life
67%
11 As You Are
62%
12 Dark Times
62%
10 In The Night
57%
7 I Can't Feel My Face
52%
6 Acqainted
14%
No matching quizzes found
Score Distribution
Percent of People with Each Score
Percentile by Number Answered
Your Score History
You have not taken this quiz